000 00300nam a22001457a 4500
008 221018b ||||| |||| 00| 0 eng d
020 _a9788867493722
041 _aeng
080 _a7
082 _a7
100 _a21.1
101 _aART
245 _aFAMILY ALBUM
_cMUJA ALBAN
942 _2udc
_cBK
999 _c58602
_d58602